Nəzəri mexanikadan mühazirələr (Statika və kinematika). I hissə (Record no. 410)

MARC details
000 -LEADER
fixed length control field 05412nam a2200325 4500
003 - CONTROL NUMBER IDENTIFIER
control field OSt
005 - DATE AND TIME OF LATEST TRANSACTION
control field 20260512081919.0
008 - FIXED-LENGTH DATA ELEMENTS--GENERAL INFORMATION
fixed length control field 260512b |||||||| |||| 00| 0 aze d
040 ## - CATALOGING SOURCE
Original cataloging agency AZ-XaKU
Language of cataloging aze
Transcribing agency AZ-XaKU
041 0# - LANGUAGE CODE
Language code of text/sound track or separate title aze
050 14 - LIBRARY OF CONGRESS CALL NUMBER
Classification number QA805 .Al53 2010 v.1
100 1# - MAIN ENTRY--PERSONAL NAME
Personal name Əliyev, Knyaz Ələsgər oğlu,
Titles and words associated with a name t.e.d., prof.,
Relator term müəllif.
245 1# - TITLE STATEMENT
Title Nəzəri mexanikadan mühazirələr (Statika və kinematika). I hissə
Statement of responsibility, etc. / Knyaz Ələsgər oğlu Əliyev ; elmi redaktor X.İ.Hüseynov ; rəyçilər R.S.Qurbanov, A.F.Məmmədov
264 ## - PRODUCTION, PUBLICATION, DISTRIBUTION, MANUFACTURE, AND COPYRIGHT NOTICE
Place of production, publication, distribution, manufacture Bakı:
Name of producer, publisher, distributor, manufacturer "Dizayn-EL" MMC,
Date of production, publication, distribution, manufacture, or copyright notice 2010.
300 ## - PHYSICAL DESCRIPTION
Extent 124 səhifə ;
Other physical details sxem,
Dimensions 20 sm.
336 ## - CONTENT TYPE
Content type term text
Content type code txt
Source rdacontent
337 ## - MEDIA TYPE
Media type term unmediated
Media type code n
Source rdamedia
338 ## - CARRIER TYPE
Carrier type term volume
Carrier type code nc
Source rdacarrier
500 ## - GENERAL NOTE
General note Dərs vəsaiti "Mexanikləşdirmə və avtomatlaşdırma" fakültəsinin Elmi Şurasının qərarı ilə çap etdirilmişdir ("29" dekabr 2009-cu il, protokol №4).
504 ## - BIBLIOGRAPHY, ETC. NOTE
Bibliography, etc. note Ədəbiyyat: s.118
505 0# - Formatted Contents Note
Formatted contents note Əsas anlayışlar -- 2. Statikanın aksiomları -- 3. Dayaqlar (rabitələr) -- 4. Müvazinətdə olan üç qüvvə haqqında teorem -- 5. Bir nöqtədə tətbiq olunan qüvvələr sisteminin həndəsi toplanması -- 6. Qüvvənin ox və müstəvi üzərindəki proyeksiyası -- 7. Bir nöqtədə tətbiq olunan qüvvələr sistemi analitik üsulla toplanması -- 8. Bir nöqtədə tətbiq olunan qüvvələr sisteminin analitik müvazinət şərtləri -- 9. Qüvvənin nöqtəyə nəzərən momenti (q.n.m.) -- 10. Qüvvənin nöqtəyə nəzərən momentinin (q.n.m.) vektor ifadəsi -- 11. Qüvvələr sisteminin baş momenti -- 12. Varinyon teoremi -- 13. İki paralel qüvvənin toplanması -- 14. Cüt qüvvə -- 15. Cütün momenti vektor kimi -- 16. Cütün qüvvələrinin baş momenti haqqında teorem -- 17. Fəza cütlər sisteminin analitik üsulla toplanması və bu cütlər sisteminin analatiq müvazinət şərtləri -- 18. Qüvvələr sisteminin seçilmiş mərkəzə gətirilməsi -- 19. İxtiyari müstəvi qüvvələr sisteminin analitiq müvazinət şərtləri -- 20. Müstəvi paralel qüvvələr sisteminin analitiq müvazinət şərtləri -- 21. Fermalar -- 22. Düyünlərin kəsilməsi üsulu -- 23. Ritter üsulu -- 24. Qüvvənin oxa nəzərən momenti -- 25. Qüvvənin nöqtəyə və oxa nəzərən momentləri arasındakı asılılıq -- 26. Qüvvənin koordinant oxlarına nəzərən momentlərinin analatiq ifadələri -- 27. İxtiyari fəza qüvvələr sisteminin baş momentinin qiymət və istiqamətinin tapılması -- 28. İxtiyari fəza qüvvələr sisteminin analitiq müvazinət şərtləri -- 29. Fəza paralel qüvvələr sisteminin analitiq müvazinət şərtləri -- 30. Qüvvələr sisteminin seçilmiş mərkəzə gətirilməsində rast gələ bilən xüsusi hallar -- 31. Qüvvələr sisteminin invariantları -- 32. Paralel qüvvələr mərkəzi -- 33. Ağırlıq mərkəzi (a.m.) -- 34. Bəzi sadə həndəsi fiqurların ağırlıq mərkəzləri -- 35. Mürəkkəb həndəsi fiqurların a.m. -- 36. Sürtünmə -- 37. Kinematika -- 38. Ümumi məlumat -- 39. Nöqtənin hərəkətinin verilmə üsulları -- 40. Nöqtənin hərəkətinin təbii üsulla verilməsi -- 41. Nöqtənin hərəkətinin koordinat üsulu ilə verilməsi -- 42. Nöqtənin hərəkətinin vektor üsulu ilə verilməsi -- 43. Nöqtənin sürət və təcil vektorları -- 44. Hərəkətin koordinat üsulla verildikdə nöqtənin sürət və təcilinin təyini -- 45. Differensial həndəsədən bəzi məlumatlar, təbii koordinat sistemi -- 46. Nöqtənin hərəkəti təbii üsulla verildikdə onun sürət və təcilinin tapılması -- 47. Nöqtənin müntəzəm və müntəzəm dəyişən hərəkətləri -- 48. Sistem kinematikası -- 49. Bərk cismin irəliləmə hərəkəti -- 50. Bərk cismin tərpənməz ox ətrafında fırlanma hərəkəti -- 51. Müntəzəm və müntəzəm dəyişən fırlanmalar -- 52. Tərpənməz ox ətrafında fırlanma cismin nöqtələrinin sürət və təcilləri -- 53. Fırlanan cismin nöqtələrinin sürət və təcillərinin vektor ifadəsi -- 54. Bərk cismin yastı paralel hərəkəti -- 55. Yastı fiqurun nöqtələrinin sürətinin təyini -- 56. Yastı fiqurun iki nöqtəsinin sürətinin proyeksiyası haqqında teorem -- 57. Ani sürətlər mərkəzi -- 58. Xüsusi hallar üçün a.s.m.-in yerinin təyini -- 59. Yastı fiqurun nöqtələrinin təcillərinin tapılması -- 60. Nöqtənin mürəkkəb hərəkəti -- 61. Nöqtənin mürəkkəb hərəkətində onun mütləq sürətinin tapılması -- 62. Nöqtənin mürəkkəb hərəkətində mütləq təcilinin tapılması (Koriolis teoremi).
520 ## - SUMMARY, ETC.
Summary, etc. Tələbələrin keçilən materialların daha dərindən mənimsəməsi üçün vəsaitdə hər bir mövzunun sonunda məsələ həlli və onun metodikası verilmişdir.
521 ## - TARGET AUDIENCE NOTE
Target audience note Bu dərs vəsaiti bakalavr pilləsində texniki istiqamətdə təhsil alan tələbələr, layihə institutlarında, xüsusi konstruktor bürolarında və istehsalatda çalışan mühəndislər üçün nəzərdə tutulmuşdur. Eləcə də bu vəsaitdən magistratura və doktoranturada təhsil alan tələbələr də istifadə edə bilərlər.
650 #7 - SUBJECT ADDED ENTRY--TOPICAL TERM
Source of heading or term AZ-XaKU
Topical term or geographic name entry element Fizika
700 1# - ADDED ENTRY--PERSONAL NAME
Personal name Hüseynov, X.i.,
Relator term elmi redaktor.
700 1# - ADDED ENTRY--PERSONAL NAME
Personal name Qurbanov, R.S.,
Relator term rəyçi.
700 1# - ADDED ENTRY--PERSONAL NAME
Personal name Məmmədov, A.F.,
Relator term rəyçi.
942 ## - ADDED ENTRY ELEMENTS (KOHA)
Koha item type Book
Holdings
Withdrawn status Lost status Source of classification or shelving scheme Damaged status Not for loan Collection Home library Current library Date acquired Total checkouts Full call number Barcode Date last seen Copy number Price effective from Koha item type
    Library of Congress Classification     General Collection Karabakh University Main Library Karabakh University Main Library 05/12/2026   QA805 .Al53 2010 v.1 0000000336 05/12/2026 1 05/12/2026 Book